El Desarrollo integrado de Centroamérica en la presente década. Tomo 7: Política social
Se examinan tres temas relacionados con el proceso de integración y con la política social en Centroamérica. En primer término, se trata la temática de la movilidad de la mano de obra entre los países centroamericanos, que es vital en el perfeccionamiento del mercado común: Se afirma que la libre mo...
Guardat en:
| Autor corporatiu: | |
|---|---|
| Format: | Text |
| Publicat: |
Buenos Aires:
BID. INTAL
|
| Matèries: | |
| Etiquetes: |
Afegir etiqueta
Sense etiquetes, Sigues el primer a etiquetar aquest registre!
|
MARC
| LEADER | 00000 a a2200000 04500 | ||
|---|---|---|---|
| 001 | 13116 | ||
| 003 | |||
| 040 | |||
| 090 | |a 018700 | ||
| 110 | |a SIECA | ||
| 245 | |a El Desarrollo integrado de Centroamérica en la presente década. Tomo 7: Política social | ||
| 260 | |a Buenos Aires: |b BID. INTAL | ||
| 300 | |a 236 p. | ||
| 300 | |b **no definido** | ||
| 520 | |a Se examinan tres temas relacionados con el proceso de integración y con la política social en Centroamérica. En primer término, se trata la temática de la movilidad de la mano de obra entre los países centroamericanos, que es vital en el perfeccionamiento del mercado común: Se afirma que la libre movilidad contribuiría a un incremento del bienestar general, aunque a corto plazo puede provocar efectos negativos. en segundo lugar, se trata el tema de la participación social -aumento de las oportunidades de empleo, ingresos, consumo, etc.- y su vinculación al proceso de desarrollo integrado: una alta participación daría mayor legitimidad a las decisiones que se toman respecto a la redistribución de los beneficios y costos del desarrollo, crea cohesión social y ahorros monetarios para los gobiernos. En tercer término, se analiza la situación y las perspectivas de los mercados de trabajo en la región, con mirar a proponer las bases de una política de empleo regional. FH/mb | ||
| 650 | |a MCCA | ||
| 650 | |a DESARROLLO INTEGRADO | ||
| 650 | |a PARTICIPACION SOCIAL | ||
| 650 | |a INTEGRACION SOCIAL | ||
| 650 | |a MOVILIDAD DE LA MANO DE OBRA | ||
| 650 | |a MERCADO DE TRABAJO | ||
| 650 | |a OPORTUNIDADES DE EMPLEO | ||
| 650 | |a POLITICA DE EMPLEO | ||
| 650 | |a COMERCIO | ||
| 650 | |a POLITICA SOCIAL | ||
| 650 | |a DESARROLLO ECONOMICO | ||
| 650 | |a POBLACION | ||
| 650 | |a CONDICIONES ECONOMICAS | ||
| 650 | |a PPOBLACION ACTIVA | ||
| 650 | |a OCUPACIONES | ||
| 650 | |a DESEMPLEO | ||
| 650 | |a GASTOS PUBLICOS | ||
| 650 | |a SALARIOS | ||
| 650 | |a INVERSIONES PUBLICAS | ||
| 650 | |a PRODUCTIVIDAD | ||
| 650 | |a ESCOLARIDAD | ||
| 999 | |c 8156 |d 8156 | ||
